[Event "Olympiad-44"]
[Site "Chennai"]
[Date "2022.08.02"]
[Round "5.1"]
[White "Traore, Bakary"]
[Black "Kamara, Ansumana"]
[Result "1-0"]
[WhiteElo "2181"]
[BlackElo "1896"]
[PlyCount "123"]
[EventDate "2022.07.29"]
[EventType "team-swiss"]
[EventRounds "11"]
[EventCountry "IND"]
[SourceTitle "CBM 210"]
[Source "ChessBase"]
[SourceDate "2022.10.31"]
[SourceVersion "1"]
[SourceVersionDate "2022.10.31"]
[SourceQuality "1"]
[WhiteTeam "Mali"]
[BlackTeam "Sierra Leone"]
[WhiteTeamCountry "MLI"]
[BlackTeamCountry "SIE"]

1. e4 c5 2. Nf3 d6 3. d4 cxd4 4. Nxd4 Nf6 5. Nc3 a6 6. Bg5 e6 7. f4 Be7 8. Qf3 Qc7 9. 0-0-0 Nbd7 10. g4 b5 11. Bxf6 Nxf6 12. g5 Nd7 13. f5 Bxg5+ 14. Kb1 Ne5 15. Qh5 Be7 16. fxe6 g6 17. Nd5 Qb7 18. exf7+ Nxf7 19. Qe2 0-0 20. h4 Ne5 21. Bh3 Bxh3 22. Rxh3 Rf7 23. h5 Re8 24. hxg6 Nxg6 25. Qg4 Qc8 26. Nf5 Bf8 27. Rdh1 Qe6 28. Nf4 Qxe4 29. Qxg6+ Rg7 30. Nh6+ Kh8 31. Qxe4 Rxe4 32. Nf5 Rxf4 33. Nxg7 Bxg7 34. Rxh7+ Kg8 35. R7h4 Rxh4 36. Rxh4 Kf7 37. c3 a5 38. a4 Bf6 39. Rh7+ Kg6 40. Rd7 bxa4 41. Rxd6 Kf7 42. Ka2 Be5 43. Ra6 Ke7 44. Rxa5 Bd6 45. Ra7+ Kd8 46. Rxa4 Kc7 47. Ra6 Bh2 48. b4 Kb7 49. Rg6 Be5 50. Kb3 Ka7 51. c4 Kb7 52. c5 Bh2 53. Kc4 Be5 54. Re6 Bh2 55. Re7+ Kc8 56. Rh7 Bg3 57. b5 Kb8 58. b6 Ka8 59. c6 Bf4 60. Kb5 Be5 61. Ka6 Bd6 62. Rh8+ 1-0

[Event "Olympiad-44"]
[Site "Chennai"]
[Date "2022.07.29"]
[Round "1.1"]
[White "Hernandez Guerrero, Gilberto Eduardo"]
[Black "Kamara, Ansumana"]
[Result "1-0"]
[WhiteElo "2560"]
[BlackElo "1896"]
[PlyCount "95"]
[EventDate "2022.07.29"]
[EventType "team-swiss"]
[EventRounds "11"]
[EventCountry "IND"]
[SourceTitle "CBM 210"]
[Source "ChessBase"]
[SourceDate "2022.10.31"]
[SourceVersion "1"]
[SourceVersionDate "2022.10.31"]
[SourceQuality "1"]
[WhiteTeam "Mexico"]
[BlackTeam "Sierra Leone"]
[WhiteTeamCountry "MEX"]
[BlackTeamCountry "SIE"]

1. d4 Nf6 2. Bg5 g6 3. Bxf6 exf6 4. c4 Bg7 5. Nc3 c6 6. e3 d6 7. g3 0-0 8. Bg2 Re8 9. Nge2 Nd7 10. b4 Nb6 11. c5 dxc5 12. bxc5 Nd7 13. 0-0 f5 14. Rb1 Nf6 15. Qb3 Qc7 16. Rfd1 Ne4 17. Nxe4 fxe4 18. Nc3 Rb8 19. Nxe4 Bf5 20. Nd6 Bxb1 21. Nxe8 Bxa2 22. Qxa2 Rxe8 23. Qxa7 Bf6 24. Rb1 Re7 25. d5 cxd5 26. Bxd5 Qe5 27. Rxb7 Qxd5 28. Rxe7 Bxe7 29. Qxe7 h5 30. Qe8+ Kg7 31. c6 h4 32. Qd7 Qb3 33. Qd4+ f6 34. gxh4 Qc2 35. Qd7+ Kh6 36. c7 Qb1+ 37. Kg2 Qe4+ 38. Kf1 Qb1+ 39. Ke2 Qc2+ 40. Kf3 f5 41. c8Q Qe4+ 42. Ke2 Qg4+ 43. Kd2 Qb4+ 44. Qc3 Qf8 45. Qcd4 g5 46. hxg5+ Kg6 47. Qh4 f4 48. Qdh7# 1-0

[Event "Titled Tuesday intern op 08th Mar Early"]
[Site "Chess.com INT"]
[Date "2022.03.08"]
[Round "9"]
[White "Kaganskiy, Gleb"]
[Black "Kamara, Ansumana"]
[Result "1-0"]
[WhiteElo "2225"]
[BlackElo "1899"]
[PlyCount "51"]
[EventDate "2022.03.08"]
[EventType "swiss (blitz)"]
[EventRounds "11"]
[EventCountry "USA"]
[SourceTitle "CBM 207 Extra"]
[Source "ChessBase"]
[SourceDate "2022.05.31"]
[SourceVersion "1"]
[SourceVersionDate "2022.05.31"]
[SourceQuality "1"]

1. e4 c5 2. Nf3 d6 3. d4 cxd4 4. Nxd4 Nf6 5. Nc3 a6 6. Bg5 e6 7. f4 Be7 8. Qf3 Qc7 9. 0-0-0 Nbd7 10. Bd3 b5 11. Rhe1 Bb7 12. Qg3 h6 13. Bh4 0-0-0 14. Qxg7 Nh5 15. Qxf7 Bxh4 16. Nxe6 Qb6 17. Qxh5 Bxe1 18. Nxd8 Bxc3 19. Nxb7 Bf6 20. e5 dxe5 21. Bf5 Kxb7 22. Rxd7+ Kb8 23. Qd1 exf4 24. Kb1 Rd8 25. a3 Rxd7 26. Qxd7 1-0

[Event "Titled Tuesday intern op 08th Mar Early"]
[Site "Chess.com INT"]
[Date "2022.03.08"]
[Round "4"]
[White "Maung, Maung Kyaw Zaw"]
[Black "Kamara, Ansumana"]
[Result "1-0"]
[WhiteElo "2121"]
[BlackElo "1899"]
[PlyCount "53"]
[EventDate "2022.03.08"]
[EventType "swiss (blitz)"]
[EventRounds "11"]
[EventCountry "USA"]
[SourceTitle "CBM 207 Extra"]
[Source "ChessBase"]
[SourceDate "2022.05.31"]
[SourceVersion "1"]
[SourceVersionDate "2022.05.31"]
[SourceQuality "1"]

1. Nf3 Nf6 2. c4 g6 3. Nc3 Bg7 4. e4 d6 5. d4 0-0 6. Be2 Nc6 7. 0-0 e5 8. d5 Ne7 9. b4 Nd7 10. a4 f5 11. Nd2 f4 12. Ba3 g5 13. c5 dxc5 14. bxc5 Rf7 15. d6 cxd6 16. cxd6 Ng6 17. Bc4 Nf6 18. Qb3 Qd7 19. Nb5 a6 20. Nc7 Rb8 21. Be6 Qxd6 22. Bxf7+ Kh8 23. Bxd6 Bd7 24. Bxg6 hxg6 25. Nd5 Rd8 26. Be7 Nxd5 27. Qxd5 1-0

[Event "Titled Tuesday intern op 21st Sept"]
[Site "Chess.com INT"]
[Date "2021.09.21"]
[Round "5"]
[White "Almagro Mazariegos, Sebastian"]
[Black "Kamara, Ansumana"]
[Result "1-0"]
[WhiteElo "2292"]
[BlackElo "1899"]
[PlyCount "81"]
[EventDate "2021.09.21"]
[EventType "swiss (blitz)"]
[EventRounds "9"]
[EventCountry "USA"]
[SourceTitle "EXT 2022"]
[Source "ChessBase"]
[SourceDate "2021.10.06"]
[SourceVersion "1"]
[SourceVersionDate "2021.10.06"]
[SourceQuality "1"]

1. e4 c5 2. Nf3 d6 3. d4 cxd4 4. Nxd4 Nf6 5. Nc3 a6 6. f3 e5 7. Nb3 Be6 8. Be3 Be7 9. Qd2 0-0 10. 0-0-0 Qc7 11. g4 Nbd7 12. g5 Nh5 13. Rg1 g6 14. Nd5 Bxd5 15. exd5 b5 16. Kb1 Nb6 17. Na5 Ng7 18. Nc6 Nf5 19. Bxb6 Qxb6 20. Bh3 Rfe8 21. Bxf5 gxf5 22. Qd3 f4 23. Rg4 Qe3 24. Qxe3 fxe3 25. Re1 Bf8 26. Rxe3 Bg7 27. c4 bxc4 28. Rxc4 f5 29. gxf6 Bxf6 30. Ra4 Kh8 31. Re2 Rg8 32. f4 exf4 33. Rxf4 Bg5 34. Rf7 h6 35. a3 Rg7 36. Rxg7 Kxg7 37. Re6 Rf8 38. Nb4 Rf1+ 39. Ka2 a5 40. Nd3 Rc1 41. Nxc1 1-0

[Event "Titled Tuesday intern op 21st Sept"]
[Site "Chess.com INT"]
[Date "2021.09.21"]
[Round "2"]
[White "Tsyhanchuk, Stanislav"]
[Black "Kamara, Ansumana"]
[Result "1-0"]
[WhiteElo "2283"]
[BlackElo "1899"]
[PlyCount "91"]
[EventDate "2021.09.21"]
[EventType "swiss (blitz)"]
[EventRounds "9"]
[EventCountry "USA"]
[SourceTitle "EXT 2022"]
[Source "ChessBase"]
[SourceDate "2021.10.06"]
[SourceVersion "1"]
[SourceVersionDate "2021.10.06"]
[SourceQuality "1"]

1. d4 Nf6 2. c4 g6 3. Nf3 Bg7 4. g3 d6 5. Bg2 0-0 6. 0-0 Nc6 7. Nc3 e5 8. d5 Ne7 9. e4 Nd7 10. h3 a6 11. Be3 f5 12. Ng5 Nf6 13. Ne6 Bxe6 14. dxe6 h6 15. Qd2 g5 16. exf5 Nxf5 17. Bxb7 Rb8 18. Bd5 Qe7 19. Ba7 Rbc8 20. Bb7 Rcd8 21. Nd5 Nxd5 22. cxd5 Nd4 23. Bxd4 exd4 24. Bxa6 Rb8 25. Bd3 Qf6 26. Rab1 Qe5 27. Rfe1 Qxd5 28. e7 Rfe8 29. Bg6 c5 30. Bxe8 Rxe8 31. Qd3 Qxa2 32. Qg6 Qf7 33. Qxd6 c4 34. Ra1 Bf6 35. Ra7 d3 36. Rd7 Bxb2 37. Rd8 Bc3 38. Qd7 Bxe1 39. Rxe8+ Kg7 40. Rg8+ Kxg8 41. e8Q+ Qxe8 42. Qxe8+ Kg7 43. Qxe1 Kf6 44. Qc3+ Kf5 45. Qxc4 Ke5 46. Qxd3 1-0

[Event "Online Olym Div4 D"]
[Site "Chess.com INT"]
[Date "2021.08.21"]
[Round "5.2"]
[White "Kamara, Ansumana"]
[Black "Diatta Kaunduma, Robert"]
[Result "1-0"]
[WhiteElo "1899"]
[BlackElo "1635"]
[PlyCount "103"]
[EventDate "2021.08.20"]
[EventType "team (rapid)"]
[EventRounds "11"]
[EventCountry "USA"]
[SourceTitle "CBM 203 Extra"]
[Source "ChessBase"]
[SourceDate "2021.09.30"]
[SourceVersion "1"]
[SourceVersionDate "2021.09.30"]
[SourceQuality "1"]
[WhiteTeam "Sierra Leone"]
[BlackTeam "Senegal"]
[WhiteTeamCountry "SIE"]
[BlackTeamCountry "SEN"]

1. e4 e5 2. Nf3 Nf6 3. Nxe5 Bc5 4. d3 0-0 5. Be2 d6 6. Nf3 Ng4 7. 0-0 c6 8. d4 Bb6 9. Bd3 c5 10. d5 Nd7 11. h3 Nge5 12. Nxe5 Nxe5 13. c4 Qf6 14. Nc3 a6 15. Be3 Qg6 16. f4 Nxd3 17. Qxd3 Bxh3 18. Rf2 Bd7 19. f5 Qf6 20. Qe2 Bd8 21. Rd1 Rb8 22. Rf3 b5 23. cxb5 axb5 24. Rc1 b4 25. Nd1 Bb5 26. Qf2 Qe5 27. Rf4 Bg5 28. Rg4 Bxe3 29. Nxe3 Rbe8 30. b3 Qf6 31. Qg3 Re5 32. Rh4 Qe7 33. Rh6 Kh8 34. f6 Qxf6 35. Rxf6 gxf6 36. Qf4 Kg7 37. Nf5+ Rxf5 38. Qxf5 Re8 39. Rd1 Re5 40. Qf4 Bd7 41. Rd3 h5 42. Rg3+ Bg4 43. Rxg4+ hxg4 44. Qxg4+ Kf8 45. Qc8+ Kg7 46. Qd7 Rxe4 47. Qxd6 Re2 48. Qxc5 Rxa2 49. d6 Rd2 50. Qxb4 Rd5 51. d7 f5 52. Qe7 1-0

[Event "Titled Tuesday intern op 20th July"]
[Site "Chess.com INT"]
[Date "2021.07.20"]
[Round "2"]
[White "Gurevich, Dmitry"]
[Black "Kamara, Ansumana"]
[Result "1-0"]
[WhiteElo "2399"]
[BlackElo "1899"]
[PlyCount "111"]
[EventDate "2021.07.20"]
[EventType "swiss (blitz)"]
[EventRounds "11"]
[EventCountry "USA"]
[SourceTitle "CBM 203 Extra"]
[Source "ChessBase"]
[SourceDate "2021.09.30"]
[SourceVersion "1"]
[SourceVersionDate "2021.09.30"]
[SourceQuality "1"]

1. d4 Nf6 2. c4 g6 3. Nc3 Bg7 4. e4 d6 5. Nf3 0-0 6. Be2 e5 7. 0-0 Nc6 8. d5 Ne7 9. Ne1 Nd7 10. Be3 f5 11. f3 f4 12. Bf2 g5 13. Nb5 a6 14. Na7 h5 15. Nxc8 Rxc8 16. Rc1 Ng6 17. Nd3 b6 18. b4 Ra8 19. c5 bxc5 20. bxc5 Rf7 21. cxd6 cxd6 22. Rc6 Nf6 23. h3 g4 24. fxg4 Nxe4 25. gxh5 Nxf2 26. Nxf2 Nh4 27. Bg4 Qg5 28. Ne4 Qh6 29. Be6 f3 30. Rxf3 Nxf3+ 31. Qxf3 Raf8 32. Rc7 Qf4 33. Qxf4 exf4 34. Ng5 Bd4+ 35. Kf1 Kg7 36. Rxf7+ Rxf7 37. Nxf7 Kf6 38. Nxd6 a5 39. Ne4+ Ke5 40. Ng5 Kf6 41. Nf3 Bc3 42. Ke2 a4 43. Kd3 Bb2 44. Ke4 Bc1 45. Ne5 Kg5 46. Bg4 a3 47. d6 Kf6 48. d7 Ke7 49. Nc6+ Kd6 50. d8Q+ Kxc6 51. Qc8+ Kd6 52. Qxc1 Ke7 53. Qxa3+ Kf6 54. Qd6+ Kg5 55. Qxf4+ Kh4 56. g3# 1-0

[Event "Titled Tuesday intern op 20th July"]
[Site "Chess.com INT"]
[Date "2021.07.20"]
[Round "3"]
[White "Mestnikov, Aisen"]
[Black "Kamara, Ansumana"]
[Result "1-0"]
[WhiteElo "2083"]
[BlackElo "1899"]
[PlyCount "71"]
[EventDate "2021.07.20"]
[EventType "swiss (blitz)"]
[EventRounds "11"]
[EventCountry "USA"]
[SourceTitle "CBM 203 Extra"]
[Source "ChessBase"]
[SourceDate "2021.09.30"]
[SourceVersion "1"]
[SourceVersionDate "2021.09.30"]
[SourceQuality "1"]

1. d4 Nf6 2. c4 g6 3. Nc3 Bg7 4. e4 d6 5. Nf3 0-0 6. Be2 e5 7. d5 a5 8. Bg5 Na6 9. Nd2 b6 10. b3 h6 11. Be3 Nc5 12. a3 Ne8 13. b4 axb4 14. axb4 Rxa1 15. Qxa1 Na6 16. Qa3 f5 17. f3 f4 18. Bf2 Bf6 19. c5 Nb8 20. c6 g5 21. Qa7 g4 22. Qxb8 gxf3 23. Nxf3 Ng7 24. Nb5 Rf7 25. Na7 Rf8 26. Qxc8 Qxc8 27. Nxc8 Rxc8 28. 0-0 Ra8 29. Rc1 Ra4 30. Bxb6 cxb6 31. c7 Rxb4 32. c8Q+ Kh7 33. Qf8 Bg5 34. Nxg5+ hxg5 35. Rc7 Rxe4 36. Qxg7# 1-0

[Event "Titled Tuesday intern op 13th July"]
[Site "Chess.com INT"]
[Date "2021.07.13"]
[Round "3"]
[White "Gabdushev, Ruslan"]
[Black "Kamara, Ansumana"]
[Result "1-0"]
[WhiteElo "2256"]
[BlackElo "1899"]
[PlyCount "53"]
[EventDate "2021.07.13"]
[EventType "swiss (blitz)"]
[EventRounds "11"]
[EventCountry "USA"]
[SourceTitle "CBM 203 Extra"]
[Source "ChessBase"]
[SourceDate "2021.09.30"]
[SourceVersion "1"]
[SourceVersionDate "2021.09.30"]
[SourceQuality "1"]

1. b3 e5 2. Bb2 f6 3. e3 d5 4. d4 e4 5. Ne2 Bd6 6. c4 c6 7. Nec3 Ne7 8. cxd5 cxd5 9. Nb5 0-0 10. Nxd6 Qxd6 11. Ba3 Qd8 12. Be2 Nbc6 13. 0-0 Be6 14. Nc3 Rf7 15. Na4 b6 16. Rc1 Rc8 17. Ba6 Rc7 18. Nc3 Na5 19. Nb5 Rxc1 20. Qxc1 Qd7 21. Qc7 Qxc7 22. Nxc7 h6 23. Nxe6 f5 24. Nd8 Rf6 25. Bxe7 Rg6 26. Rc1 Kh7 27. Bb5 1-0

[Event "Titled Tuesday intern op 13th July"]
[Site "Chess.com INT"]
[Date "2021.07.13"]
[Round "6"]
[White "Grigoryan, Meri"]
[Black "Kamara, Ansumana"]
[Result "1-0"]
[WhiteElo "2044"]
[BlackElo "1899"]
[PlyCount "109"]
[EventDate "2021.07.13"]
[EventType "swiss (blitz)"]
[EventRounds "11"]
[EventCountry "USA"]
[SourceTitle "CBM 203 Extra"]
[Source "ChessBase"]
[SourceDate "2021.09.30"]
[SourceVersion "1"]
[SourceVersionDate "2021.09.30"]
[SourceQuality "1"]

1. d4 Nf6 2. c4 g6 3. Nc3 Bg7 4. Nf3 d6 5. h3 0-0 6. e4 Nc6 7. Be3 e5 8. d5 Ne7 9. Be2 Nd7 10. g4 f5 11. gxf5 gxf5 12. Bg5 f4 13. Rg1 Rf7 14. Nh4 Qe8 15. Bh5 Ng6 16. Nxg6 hxg6 17. Bxg6 Nc5 18. Bxf7+ Kxf7 19. Qh5+ Kf8 20. Qxe8+ Kxe8 21. 0-0-0 Kf7 22. h4 Bd7 23. h5 Rh8 24. b4 Na6 25. h6 Bxh6 26. Bxh6 Rxh6 27. a3 c6 28. Rh1 Rg6 29. Rdg1 Rxg1+ 30. Rxg1 c5 31. b5 Nc7 32. Rh1 Kg7 33. a4 b6 34. Ne2 Ne8 35. Ng1 Nf6 36. f3 Kg6 37. Nh3 Nh5 38. Nf2 Ng3 39. Rg1 Kf6 40. Kd2 Be8 41. Nh1 Nh5 42. a5 Bg6 43. axb6 axb6 44. Ra1 Kg5 45. Ra6 Ng3 46. Nf2 Bh5 47. Nh3+ Kh4 48. Ng1 Nf1+ 49. Ke1 Nh2 50. Kf2 Nxf3 51. Nxf3+ Kg4 52. Rxb6 Bg6 53. Rxd6 Bxe4 54. Nxe5+ Kf5 55. b6 1-0

[Event "Titled Tuesday intern op 13th July"]
[Site "Chess.com INT"]
[Date "2021.07.13"]
[Round "5"]
[White "Kamara, Ansumana"]
[Black "Melikhov, Evgeny V"]
[Result "0-1"]
[WhiteElo "1899"]
[BlackElo "2292"]
[PlyCount "90"]
[EventDate "2021.07.13"]
[EventType "swiss (blitz)"]
[EventRounds "11"]
[EventCountry "USA"]
[SourceTitle "CBM 203 Extra"]
[Source "ChessBase"]
[SourceDate "2021.09.30"]
[SourceVersion "1"]
[SourceVersionDate "2021.09.30"]
[SourceQuality "1"]

1. e4 c5 2. Nf3 d6 3. d4 cxd4 4. Nxd4 Nf6 5. Nc3 a6 6. Be3 e5 7. Nb3 Be6 8. f3 Be7 9. Qd2 0-0 10. 0-0-0 Nbd7 11. g4 b5 12. h4 Nb6 13. Kb1 Nc4 14. Bxc4 bxc4 15. Nc1 Rb8 16. h5 Qa5 17. b3 Qa3 18. g5 Nd7 19. g6 a5 20. h6 fxg6 21. hxg7 Rf7 22. Rxh7 Kxh7 23. Qh2+ Kxg7 24. Qh6+ Kg8 25. Rh1 Bf6 26. Qxg6+ Kf8 27. Bh6+ Ke7 28. Nd5+ Bxd5 29. exd5 cxb3 30. cxb3 a4 31. Qf5 axb3 32. Qe6+ Kd8 33. axb3 Rxb3+ 34. Nxb3 Qxb3+ 35. Kc1 Re7 36. Qg8+ Kc7 37. Rh2 e4 38. Rc2+ Nc5 39. Qf8 Qa3+ 40. Kd2 Qxf3 41. Be3 Bc3+ 42. Rxc3 Qxf8 43. Bxc5 dxc5 44. Rxc5+ Kd6 45. Rc6+ Kxd5 0-1

[Event "Titled Tuesday intern op 13th July"]
[Site "Chess.com INT"]
[Date "2021.07.13"]
[Round "8"]
[White "Kamara, Ansumana"]
[Black "Mirzanurov, Bulat"]
[Result "0-1"]
[WhiteElo "1899"]
[BlackElo "2238"]
[PlyCount "64"]
[EventDate "2021.07.13"]
[EventType "swiss (blitz)"]
[EventRounds "11"]
[EventCountry "USA"]
[SourceTitle "CBM 203 Extra"]
[Source "ChessBase"]
[SourceDate "2021.09.30"]
[SourceVersion "1"]
[SourceVersionDate "2021.09.30"]
[SourceQuality "1"]

1. e4 c5 2. Nf3 d6 3. d4 cxd4 4. Nxd4 Nf6 5. Nc3 a6 6. Be3 e5 7. Nb3 Be6 8. f3 Be7 9. Qd2 0-0 10. 0-0-0 Nbd7 11. g4 b5 12. h4 b4 13. Nd5 Bxd5 14. exd5 a5 15. Kb1 a4 16. Nc1 Nb6 17. Bxb6 Qxb6 18. h5 h6 19. Bd3 Nxd5 20. Be4 Nc3+ 21. Ka1 Nxe4 22. fxe4 Bg5 23. Qxd6 Qe3 24. Qxb4 a3 25. b3 Rfb8 26. Qe1 Qc5 27. c3 Rd8 28. Rxd8+ Rxd8 29. Rh3 Bd2 30. Qf1 Bxc3+ 31. Kb1 Rd2 32. Nd3 Qd4 0-1

[Event "Titled Tuesday intern op 13th July"]
[Site "Chess.com INT"]
[Date "2021.07.13"]
[Round "1"]
[White "Tologontegin, Semetey"]
[Black "Kamara, Ansumana"]
[Result "1-0"]
[WhiteElo "2380"]
[BlackElo "1899"]
[PlyCount "123"]
[EventDate "2021.07.13"]
[EventType "swiss (blitz)"]
[EventRounds "11"]
[EventCountry "USA"]
[SourceTitle "CBM 203 Extra"]
[Source "ChessBase"]
[SourceDate "2021.09.30"]
[SourceVersion "1"]
[SourceVersionDate "2021.09.30"]
[SourceQuality "1"]

1. d4 Nf6 2. c4 g6 3. Nc3 Bg7 4. e4 d6 5. Nf3 0-0 6. Be2 e5 7. 0-0 Nc6 8. d5 Ne7 9. b4 Nd7 10. a4 a5 11. bxa5 Rxa5 12. Nd2 b6 13. Nb3 Ra8 14. Be3 f5 15. f3 f4 16. Bf2 g5 17. a5 bxa5 18. Nxa5 Nf6 19. c5 Ba6 20. Bc4 Bxc4 21. Nxc4 Rxa1 22. Qxa1 Ng6 23. Qa3 h5 24. cxd6 cxd6 25. Qxd6 Qxd6 26. Nxd6 g4 27. Ra1 gxf3 28. gxf3 Rd8 29. Nf5 Bf8 30. Ra7 Rc8 31. Nb5 Ne8 32. d6 Rd8 33. Bb6 Rb8 34. d7 Nf6 35. d8Q Rxd8 36. Bxd8 Bc5+ 37. Kg2 Bxa7 38. Nxa7 Kf7 39. Bxf6 Kxf6 40. Nc6 Ke6 41. Nb4 Ne7 42. Nxe7 Kxe7 43. Kh3 Kd6 44. Kh4 Kc5 45. Nd5 Kd4 46. Kxh5 Kd3 47. Kg4 Ke2 48. h4 Kd3 49. h5 Kc4 50. h6 Kc5 51. h7 Kd4 52. h8Q Kc5 53. Qxe5 Kc4 54. Kxf4 Kc5 55. Qc3+ Kd6 56. Kf5 Kd7 57. Qf6 Kc8 58. Qf7 Kb8 59. Ke6 Ka8 60. Kd6 Kb8 61. Kc6 Ka8 62. Qb7# 1-0

[Event "Titled Tuesday intern op 06th July"]
[Site "Chess.com INT"]
[Date "2021.07.06"]
[Round "2"]
[White "Chyzy, Jakub"]
[Black "Kamara, Ansumana"]
[Result "1-0"]
[WhiteElo "2257"]
[BlackElo "1899"]
[PlyCount "79"]
[EventDate "2021.07.06"]
[EventType "swiss (blitz)"]
[EventRounds "11"]
[EventCountry "USA"]
[SourceTitle "EXT 2022"]
[Source "ChessBase"]
[SourceDate "2021.10.06"]
[SourceVersion "1"]
[SourceVersionDate "2021.10.06"]
[SourceQuality "1"]

1. b3 e5 2. Bb2 d6 3. Nf3 Nc6 4. e3 f5 5. Bb5 Nf6 6. d4 exd4 7. Nxd4 Bd7 8. 0-0 Be7 9. Bxc6 Bxc6 10. Nxc6 bxc6 11. Qf3 Qd7 12. c4 0-0 13. Nc3 Rae8 14. Rad1 Qe6 15. Qxc6 Ne4 16. Nxe4 fxe4 17. Qd5 Qxd5 18. Rxd5 Bf6 19. Bxf6 Rxf6 20. Rfd1 Rfe6 21. Ra5 Ra8 22. Kf1 a6 23. Ke2 c6 24. f3 exf3+ 25. gxf3 Kf7 26. e4 Ke7 27. Ke3 g6 28. h4 Ra7 29. Rg1 Kd7 30. h5 c5 31. hxg6 Rxg6 32. Rxg6 hxg6 33. a3 Kc6 34. b4 Kb6 35. e5 cxb4 36. axb4 Re7 37. f4 g5 38. fxg5 dxe5 39. Ke4 Rc7 40. c5+ 1-0

[Event "Titled Tuesday intern op 06th July"]
[Site "Chess.com INT"]
[Date "2021.07.06"]
[Round "8"]
[White "Donatti, Alvaro"]
[Black "Kamara, Ansumana"]
[Result "1-0"]
[WhiteElo "2193"]
[BlackElo "1899"]
[PlyCount "39"]
[EventDate "2021.07.06"]
[EventType "swiss (blitz)"]
[EventRounds "11"]
[EventCountry "USA"]
[SourceTitle "EXT 2022"]
[Source "ChessBase"]
[SourceDate "2021.10.06"]
[SourceVersion "1"]
[SourceVersionDate "2021.10.06"]
[SourceQuality "1"]

1. e4 c5 2. Nf3 d6 3. Nc3 e5 4. Bc4 Be7 5. d3 Nf6 6. 0-0 0-0 7. Bg5 h6 8. Be3 Nc6 9. h3 Nd4 10. Nh2 Be6 11. f4 exf4 12. Bxf4 Nd7 13. Ng4 Bxc4 14. dxc4 f6 15. Bxh6 gxh6 16. Nxh6+ Kh7 17. Qh5 Qe8 18. Nf7+ Kg7 19. Rf4 Rg8 20. Rg4+ 1-0

[Event "Titled Tuesday intern op 06th July"]
[Site "Chess.com INT"]
[Date "2021.07.06"]
[Round "11"]
[White "Piliczewski, Bogusz"]
[Black "Kamara, Ansumana"]
[Result "1-0"]
[WhiteElo "1935"]
[BlackElo "1899"]
[PlyCount "95"]
[EventDate "2021.07.06"]
[EventType "swiss (blitz)"]
[EventRounds "11"]
[EventCountry "USA"]
[SourceTitle "EXT 2022"]
[Source "ChessBase"]
[SourceDate "2021.10.06"]
[SourceVersion "1"]
[SourceVersionDate "2021.10.06"]
[SourceQuality "1"]

1. d4 Nf6 2. Nf3 g6 3. Bf4 Bg7 4. e3 d6 5. h3 0-0 6. Be2 Nc6 7. 0-0 Nd7 8. c4 e5 9. Bh2 f5 10. Nc3 e4 11. Nd2 a6 12. a3 Nf6 13. b4 Ne7 14. Qb3 Kh8 15. a4 g5 16. b5 Ng6 17. Rfd1 Qe7 18. Rac1 Nh4 19. Qb4 axb5 20. Nxb5 Be6 21. Nxc7 Qxc7 22. Bxd6 Qf7 23. Bxf8 Bxf8 24. Rb1 Bxb4 25. Rxb4 f4 26. exf4 gxf4 27. d5 Bd7 28. Rxb7 Qg6 29. Bf1 Rxa4 30. c5 f3 31. g3 Nh5 32. Kh2 Nf5 33. g4 Nd4 34. Rxd7 Nf4 35. Rd8+ Kg7 36. Rd7+ Kf8 37. Rb1 Ke8 38. c6 Ra8 39. Rbb7 Qf6 40. Nxe4 Qe5 41. Nd6+ Kf8 42. Rf7+ Kg8 43. Rbe7 Nfe6+ 44. Kg1 Ne2+ 45. Kh1 Qxd5 46. Nf5 Ng5 47. Nh6+ Kh8 48. Rd7 1-0

[Event "Titled Tuesday intern op 22nd June"]
[Site "Chess.com INT"]
[Date "2021.06.22"]
[Round "4"]
[White "Balabayeva, Kseniya"]
[Black "Kamara, Ansumana"]
[Result "1-0"]
[WhiteElo "2116"]
[BlackElo "1899"]
[PlyCount "87"]
[EventDate "2021.06.22"]
[EventType "swiss (blitz)"]
[EventRounds "11"]
[EventCountry "USA"]
[SourceTitle "CBM 203 Extra"]
[Source "ChessBase"]
[SourceDate "2021.09.30"]
[SourceVersion "1"]
[SourceVersionDate "2021.09.30"]
[SourceQuality "1"]

1. e4 c5 2. Nf3 d6 3. Bb5+ Nd7 4. a4 Ngf6 5. Nc3 a6 6. Bc4 e6 7. 0-0 Be7 8. Re1 e5 9. d3 0-0 10. Bg5 h6 11. Bxf6 Nxf6 12. Nd5 Nxd5 13. Bxd5 Rb8 14. a5 Bg4 15. h3 Bh5 16. g4 Bg6 17. Nd2 Bg5 18. Nc4 Kh8 19. Rb1 Qf6 20. b4 cxb4 21. Rxb4 Rfd8 22. Rxb7 Bf4 23. Kg2 h5 24. Qf3 Rbc8 25. Rb6 h4 26. Rxa6 Rc5 27. Rb6 Qe7 28. a6 Qa7 29. Reb1 Kg8 30. c3 Kh8 31. Qd1 Rdc8 32. Qa4 Qe7 33. a7 Qg5 34. a8Q Rxa8 35. Qxa8+ Kh7 36. Rb8 Bh5 37. Rh8+ Kg6 38. Rxh5 Bg3 39. Rxg5+ Kxg5 40. fxg3 hxg3 41. Bxf7 g6 42. Qd8+ Kh6 43. Qf6 Rxc4 44. Qxg6# 1-0

[Event "Titled Tuesday intern op 23rd Mar"]
[Site "Chess.com INT"]
[Date "2021.03.23"]
[Round "7"]
[White "Kamara, Ansumana"]
[Black "Cagara, Paulina"]
[Result "0-1"]
[WhiteElo "1899"]
[BlackElo "2027"]
[PlyCount "86"]
[EventDate "2021.03.23"]
[EventType "swiss (blitz)"]
[EventRounds "11"]
[EventCountry "USA"]
[SourceTitle "CBM 201 Extra"]
[Source "ChessBase"]
[SourceDate "2021.05.31"]
[SourceVersion "1"]
[SourceVersionDate "2021.05.31"]
[SourceQuality "1"]

1. e4 c6 2. d4 d5 3. Nc3 a6 4. Nf3 Bg4 5. e5 e6 6. h3 Bh5 7. Be2 c5 8. Be3 cxd4 9. Nxd4 Bxe2 10. Qxe2 Nc6 11. f4 Nxd4 12. Bxd4 Ne7 13. 0-0 Nc6 14. Bf2 g6 15. Rad1 Be7 16. a3 0-0 17. b4 b5 18. Ne4 Rc8 19. Nc5 Bxc5 20. Bxc5 Ne7 21. g4 Rxc5 22. bxc5 Qc7 23. Qe3 Rc8 24. Rd2 Qxc5 25. Qxc5 Rxc5 26. Rf3 Rc4 27. Kg2 Kg7 28. Kg3 Nc6 29. c3 Ra4 30. Ra2 Na5 31. f5 gxf5 32. gxf5 Nc4 33. fxe6 fxe6 34. Rf6 Nxe5 35. Rxe6 Ng6 36. Rd6 Rc4 37. Rc2 Ne7 38. Rxa6 h5 39. Ra7 Kf6 40. Rf2+ Nf5+ 41. Kh2 Rxc3 42. Ra6+ Ke5 43. Rb6 Rb3 0-1